Informe sobre el desarrollo mundial 1995 : el mundo del trabajo en una economía integrada.

Furkejuvvon:
Bibliográfalaš dieđut
Searvvušdahkki: Banco Mundial
Materiálatiipa: Girji
Giella:espánnjágiella
Fáttát:
Fáddágilkorat: Lasit fáddágilkoriid
Eai fáddágilkorat, Lasit vuosttaš fáddágilkora!

MARC

LEADER 00000cam^a2200000uu^4500
001 000483809
005 20250521000000.0
008 050901s1995^^^^^^^^^^^^rd^r^^000^0^spa^d
009 20260310125119.565
035 |a FCE 000026867 
035 |a FCE 019748 
037 |a Acervo ITESO - Biblioteca 
041 |a spa 
082 0 4 |a 332.153  |b BANi 1995 
110 |a Banco Mundial 
245 1 0 |a Informe sobre el desarrollo mundial 1995 :  |b el mundo del trabajo en una economía integrada. 
264 |a Washington :  |b Banco mundial,  |c 1995. 
300 |a 257 p. 
336 |a texto  |b txt  |2 rdacontenido 
337 |a sin mediación  |b n  |2 rdamedio 
338 |a volumen  |b nc  |2 rdasoporte 
649 |a XX 
650 |a Países desarrollados 
650 |a Países en desarrollo 
650 |a Perspectivas 
650 |a Recursos humanos 
650 |a Trabajador 
650 |a Empleo 
650 |a Desarrollo económico 
650 |a Mercado de trabajo 
650 |a Gobierno 
650 |a Trabajo 
650 |a Legislación del trabajo 
650 |a Política internacional 
650 |a Mano de obra 
650 |a Sindicato 
910 |a Fondo Centro de Estudios Educativos 
920 |a Impresos - Libros 
930 |a Fondos Especiales 
905 |a 133 
901 |a ALE019748  |b IT2  |c CEE  |u 20250521 
902 |a https://opac.biblio.iteso.mx/vufind/Record/000483809